Oravský hrad

Bibliographic Details
Other Authors: Hraško, Ondrej, 1944- (asm)
Format: Book
Language:Slovak
PhysicalDescription:skladačka ([16] s.) fareb. fotogr., pl. 21x11 cm
Published: Vrútky Filip Lašút 1999
ISBN:8096800736
Subjects:

MARC

LEADER 00000nam a2200000 a 4500
001 vtls001418418
003 SK-MaSNL
005 20260301012720.0
008 160415s1999 xo ae yy 0 slo
015 |a SNBE2001/04-02866 
020 |a 8096800736 
035 |a SNK000373221 
040 |a SNK  |b slo  |c SNK  |e AACR2 
041 0 |a slo 
044 |a xo  |c SK 
080 |a 908.437.646:728.8(083.9)  |2 1981 
080 |a 728.8  |2 1981 
245 1 |a Oravský hrad  |c mapy: Ondrej Hraško 
260 |a Vrútky  |b Filip Lašút  |c 1999 
300 |a skladačka ([16] s.)  |b fareb. fotogr., pl.  |c 21x11 cm 
610 2 7 |a Oravský hrad (Oravský Podzámok, Slovensko)  |2 SNK  |9 32353 
651 7 |a 503  |2 SNK  |9 292744 
655 7 |a informačné publikácie  |2 SNK  |9 70181 
700 1 |a Hraško, Ondrej,  |d 1944-  |4 asm  |9 44358 
919 |a 80-968007-3-6 
958 |a TL 
999 |c 554222  |d 556152 
952 |t P60, <03>, [BOOK], {603}  |a SNK  |b SNK  |y PREZ  |7 0  |p 17A0310711  |o snkOSC 21337  |i snkKSP 9702/2001  |0 0  |1 0  |4 0  |d 2001-08-16  |l 0  |r 2005-01-02 00:00:00  |w 2026-02-23 
952 |t P60, <04>, [BOOK], {604}  |a SNK  |b SNK  |y VYP  |7 0  |p 17A0310715  |o snkOSC 21337 D1  |i snkKSP 9703/2001  |0 0  |1 0  |4 0  |d 2001-08-16  |l 0  |r 2005-01-02 00:00:00  |w 2026-02-23